000 00307nam a2200133Ia 4500
008 240624s9999 xx 000 0 und d
041 _aeng
082 _a823 BAL
100 _aBALDACCI DAVID
245 _aSAVING FAITH
260 _c1999
_aLondon
_bPan Books
300 _a453 : p. : cm. ; 18
365 _cRS
999 _c21189
_d21189